| 000 | 00384nam a2200133Ia 4500 | ||
|---|---|---|---|
| 005 | 20251222154433.0 | ||
| 008 | 251222s9999||||xx |||||||||||||| ||spa|| | ||
| 020 | _a8428403759 | ||
| 082 | _a242.74/G24 | ||
| 100 | _aGarcía Paz, Adelino María | ||
| 245 | 0 | _aSanta María del Perpetuo Socorro: I. Historia e interpretación del icono | |
| 264 | _bEditorial Covarrubias | ||
| 942 | _cLIB | ||
| 999 |
_c36496 _d36496 |
||